000 00254nam a2200109Ia 4500
008 190216s9999||||xx |||||||||||||| ||und||
100 _aFaiman
245 0 _aBhouthikam Faiman Presangangal
260 _bBhasha Institute
650 _aPhysics
942 _cBK
999 _c39091
_d39091